[Event "COL-chB U2000"]
[Site "Antioquia"]
[Date "2018.12.08"]
[Round "4"]
[White "Zuniga, Eddy Andres"]
[Black "Vargas, Eduar Misael"]
[Result "0-1"]
[WhiteElo "1865"]
[BlackElo "1941"]
[PlyCount "42"]
[EventDate "2018.12.06"]
[EventType "swiss"]
[EventRounds "7"]
[EventCountry "COL"]
[SourceTitle "CBM 190 Extra"]
[Source "ChessBase"]
[SourceDate "2019.07.15"]
[SourceVersion "1"]
[SourceVersionDate "2019.07.15"]
[SourceQuality "1"]

1. d4 Nf6 2. Bg5 g6 3. Bxf6 exf6 4. g3 Bg7 5. Bg2 0-0 6. e3 c6 7. Nd2 d6 8. Ne2 f5 9. 0-0 Be6 10. c4 d5 11. Qc2 Nd7 12. Rfc1 Nf6 13. c5 Bh6 14. b4 Ne4 15. a4 Bd7 16. Rab1 Qe8 17. Nc3 Nxf2 18. Nf1 Ng4 19. Qd3 Bxe3+ 20. Nxe3 Qxe3+ 21. Qxe3 Nxe3 0-1

[Event "Medellin Conconcreto op"]
[Site "Medellin"]
[Date "2018.01.27"]
[Round "5"]
[White "Zuniga, Eddy Andres"]
[Black "Lopez Gonzalez, Carlos Andres"]
[Result "0-1"]
[WhiteElo "1929"]
[BlackElo "1692"]
[PlyCount "75"]
[EventDate "2018.01.24"]
[EventType "swiss"]
[EventRounds "7"]
[EventCountry "COL"]
[SourceTitle "CBM 182 Extra"]
[Source "ChessBase"]
[SourceDate "2018.02.23"]
[SourceVersion "1"]
[SourceVersionDate "2018.02.23"]
[SourceQuality "1"]

1. d4 Nf6 2. Nf3 e6 3. Bg5 d5 4. Nbd2 Be7 5. e3 Nbd7 6. Bd3 0-0 7. c3 h6 8. Bf4 b6 9. Ne5 Nxe5 10. dxe5 Nd7 11. Qg4 Bg5 12. h4 Bxf4 13. exf4 Nc5 14. Bc2 d4 15. Ne4 d3 16. Nxc5 bxc5 17. Qf3 Ba6 18. 0-0-0 c4 19. Qc6 Qc8 20. Ba4 Rb8 21. Rd2 Qb7 22. Qxb7 Bxb7 23. f3 Bd5 24. Rf1 f6 25. Bd1 Kh7 26. Rff2 Rf7 27. b3 c5 28. Rb2 Rfb7 29. bxc4 Bxc4 30. Rxb7 Rxb7 31. Rb2 Rxb2 32. Kxb2 Kg6 33. Bb3 Bxb3 34. axb3 fxe5 35. c4 exf4 36. Kc3 Kf5 37. Kxd3 Ke5 38. h5 0-1

[Event "Medellin Conconcreto op"]
[Site "Medellin"]
[Date "2018.01.25"]
[Round "2"]
[White "Zuniga, Eddy Andres"]
[Black "Leon Acevedo, Juan Alejandro"]
[Result "1-0"]
[WhiteElo "1929"]
[BlackElo "1572"]
[PlyCount "24"]
[EventDate "2018.01.24"]
[EventType "swiss"]
[EventRounds "7"]
[EventCountry "COL"]
[SourceTitle "CBM 182 Extra"]
[Source "ChessBase"]
[SourceDate "2018.02.23"]
[SourceVersion "1"]
[SourceVersionDate "2018.02.23"]
[SourceQuality "1"]

1. d4 Nf6 2. Bf4 g6 3. Nf3 Bg7 4. Nbd2 d5 5. e3 0-0 6. Be2 b6 7. 0-0 c5 8. h3 Nc6 9. Ne5 Bb7 10. Bf3 Nxe5 11. Bxe5 Qd7 12. c4 cxd4 1-0

[Event "Antioquia op-B"]
[Site "Medellin"]
[Date "2017.04.27"]
[Round "1"]
[White "Zuniga, Eddy Andres"]
[Black "Zea, Juan Camilo"]
[Result "1/2-1/2"]
[WhiteElo "1841"]
[BlackElo "1699"]
[PlyCount "105"]
[EventDate "2017.04.27"]
[EventType "swiss"]
[EventRounds "7"]
[EventCountry "COL"]
[SourceTitle "EXT 2019"]
[Source "ChessBase"]
[SourceDate "2018.10.10"]
[SourceVersion "1"]
[SourceVersionDate "2018.10.10"]
[SourceQuality "1"]

1. d4 Nf6 2. Bf4 g6 3. Nf3 Bg7 4. e3 d5 5. h3 c5 6. Nbd2 0-0 7. Be2 Nc6 8. c3 Nd7 9. 0-0 Qb6 10. Rb1 e5 11. dxe5 Ndxe5 12. Qb3 Be6 13. Qa3 Rac8 14. Rbc1 Rfd8 15. Rfd1 h6 16. Nb3 Nxf3+ 17. Bxf3 Bf8 18. c4 dxc4 19. Nd2 g5 20. Bg3 Bg7 21. Nxc4 Rxd1+ 22. Bxd1 Bxc4 23. Rxc4 Ne5 24. Re4 Rd8 25. Bc2 Nc6 26. Bb3 Na5 27. Bc2 Bxb2 28. Qa4 Nc6 29. Bb3 Bg7 30. Qc4 Rf8 31. Bd6 Na5 32. Qd5 Nxb3 33. Bxf8 Nd2 34. Qxd2 Qb1+ 35. Kh2 Qxe4 36. Bxg7 Kxg7 37. Qc3+ f6 38. Qxc5 Qe5+ 39. Qxe5 fxe5 40. Kg3 b5 41. Kf3 Kf6 42. Ke4 Ke6 43. f4 exf4 44. exf4 gxf4 45. Kxf4 a5 46. Ke4 b4 47. Kd4 a4 48. g4 b3 49. axb3 axb3 50. Kc3 Ke5 51. h4 Kf4 52. g5 hxg5 53. hxg5 1/2-1/2

[Event "Medellin de Segunda Cat. Antioquia"]
[Site "Medellin"]
[Date "2014.03.25"]
[Round "4.19"]
[White "Zuniga, Eddy Andres"]
[Black "Ruiz Agudelo, Santiago"]
[Result "1-0"]
[WhiteElo "1698"]
[BlackElo "1725"]
[PlyCount "69"]
[EventDate "2014.03.19"]
[EventType "swiss"]
[EventRounds "7"]
[EventCountry "COL"]
[SourceTitle "EXT 2024"]
[Source "ChessBase"]
[SourceDate "2023.10.10"]
[SourceVersion "1"]
[SourceVersionDate "2023.10.10"]
[SourceQuality "1"]

1. e4 e6 2. d4 d5 3. Nc3 Bb4 4. e5 c5 5. dxc5 d4 6. a3 Bxc3+ 7. bxc3 dxc3 8. Qg4 Ne7 9. Nf3 Ng6 10. h4 h5 11. Qc4 Qc7 12. Qxc3 Nc6 13. Bb2 Bd7 14. Qe3 0-0-0 15. Bd3 Qa5+ 16. Nd2 Nge7 17. 0-0 Nd5 18. Qe2 Qxc5 19. Ne4 Qe7 20. Nd6+ Kb8 21. Be4 Bc8 22. c4 Nb6 23. Bxc6 bxc6 24. a4 Ba6 25. Bc3 Ka8 26. a5 Nc8 27. Bb4 Nxd6 28. Bxd6 Qxh4 29. Qf3 Qxc4 30. Rfc1 Qd5 31. Qxf7 h4 32. Rd1 Qe4 33. Bc5 Rxd1+ 34. Rxd1 Bb7 35. a6 1-0

[Event "Medellin Cuartas Memorial B"]
[Site "Medellin"]
[Date "2011.08.06"]
[Round "6.4"]
[White "Vasquez Garrido, Nuremberg Adin"]
[Black "Zuniga, Eddy Andres"]
[Result "1-0"]
[WhiteElo "1717"]
[BlackElo "1685"]
[PlyCount "69"]
[EventDate "2011.08.03"]
[EventType "swiss"]
[EventRounds "8"]
[EventCountry "COL"]
[SourceTitle "EXT 2024"]
[Source "ChessBase"]
[SourceDate "2023.10.10"]
[SourceVersion "1"]
[SourceVersionDate "2023.10.10"]
[SourceQuality "1"]

1. e4 e5 2. d4 exd4 3. c3 d3 4. Bxd3 Nc6 5. Nf3 d6 6. 0-0 Nf6 7. Bg5 Be7 8. Nbd2 Bg4 9. Qc2 h6 10. Bh4 g5 11. Bg3 Nd7 12. Bc4 Nb6 13. Bd5 Qd7 14. a4 h5 15. a5 Nxd5 16. exd5 Nd8 17. h4 Bf5 18. Ne4 Bxe4 19. Qxe4 f5 20. Qd4 Nf7 21. hxg5 Rg8 22. Rfe1 Kf8 23. Bf4 Rd8 24. Re6 c5 25. Qe3 Nh8 26. Nh4 Nf7 27. g6 Bxh4 28. gxf7 Kxf7 29. Re1 Rg6 30. Qh3 Rg4 31. Bxd6 Rdg8 32. Kh1 Qa4 33. Qf3 Qc2 34. R6e2 Bxf2 35. Qxf2 1-0